Biotecnología y patentes

Shranjeno v:
Bibliografske podrobnosti
Main Authors: Correa, Carlos M (Author), Bercovitz, Alberto (Author), Bergel, Salvador D (Author), Solleiro, José Luis (Author), Arriaga, Elena (Author), Figueira Barbosa, A. L (Author), Woodley, John H (Author)
Format: Knjiga
Jezik:španščina
Izdano: Buenos Aires Depalma 1990
Serija:Revista del Derecho Industrial
Teme:
Oznake: Označite
Brez oznak, prvi označite!

MARC

LEADER 00000nam a2200000 a 4500
001 UCT3879
003 CL-VaPUC
008 961031e19900000AG |||||||||||||||||spa|d
082 0 4 |a 341.758  |b COR  |2 21 
100 0 |a Correa, Carlos M  |e author  |9 372927 
700 0 |a Bercovitz, Alberto  |e author  |9 372928 
700 0 |a Bergel, Salvador D  |e author  |9 372929 
700 0 |a Solleiro, José Luis  |e author  |9 372930 
700 0 |a Arriaga, Elena  |e author  |9 372931 
700 0 |a Figueira Barbosa, A. L  |e author  |9 372932 
700 0 |a Woodley, John H  |e author  |9 372933 
245 1 0 |a Biotecnología y patentes 
300 |a 312 p 
942 |c BK 
945 |d 19961031 00:00:00  |a nastorga 
260 |a Buenos Aires  |b Depalma  |c 1990 
650 0 |a Derecho comercial   |9 256340 
650 0 |a Derecho económico   |9 259197 
650 0 |a Derecho informático  |9 371884 
650 7 |a PATENTES DE INVENCION  |2 CL-VaPUC  |9 256531 
650 0 |a Biotecnología   |9 259561 
650 0 |a Transferencia de tecnología  |9 259659 
583 |a last modification  |c 20161003 01:18:24  |k Rodrigo Vera 
490 0 |a Revista del Derecho Industrial 
999 |c 253384  |d 253382 
952 |0 0  |1 0  |4 0  |6 341_758000000000000_COR_1990  |7 0  |8 A  |9 274206  |a BIBDER  |b BIBDER  |d 2019-11-19  |i 3241122  |o 341.758 COR 1990  |p 3241122  |r 2023-01-25  |w 2019-11-19  |y BK  |k DER